Scooby-Doo Mystery Incorporated Villains - Statistics

General Stats
  • This quiz has been taken 159 times
  • The average score is 23 of 58
Answer Stats
Picture Answer % Correct
Man Crab
82%
Ghost Truck
66%
Monstrous Freak
65%
Fake Fred
63%
Aphrodite
62%
Crybaby Clown
61%
The Gnome
61%
Baba Yaga
56%
Freak of Crystal Cove
55%
Ghost of Dead Justice
55%
Old Daphne
55%
Professor Pericles
55%
Nordic Alien
53%
Grey Alien
52%
Vampire
52%
The Phantom
51%
Manticore
48%
Red Wizard
48%
Danny Darrow
47%
Krampus
47%
Nightfright
47%
Que Horrifico
47%
Ghost Girl
46%
White Wizard
46%
Headless Horror
44%
Graveyard Ghoul
43%
Gator People
39%
Hodag
38%
Horrible Herd
37%
Scarebear
37%
Slime Mutant
36%
Dreamweaver
35%
Evil Entity
35%
Fright Hound
35%
Gluten Demon
35%
Junk
34%
Dark Lilith
33%
Dandy Highwayman
31%
Green Humungonaut
31%
Red Humungonaut
31%
Hebediah Grim
30%
Fish Freaks
29%
Obliteratrix
29%
Piranha-Goat
29%
Cicada Creature
28%
Dragon
28%
Lord Infernicus
27%
Shadowy Orc
26%
Char Gar Gothakon
22%
Rude Boy and the Ska-Tastics
22%
Shadowy Figure
20%
Greg
19%
Ghost of Abigail Gluck
17%
Priestess
17%
Ghost of Friar Serra
16%
Fiend
13%
Kriegstaffebot
12%
Reptoid
12%
No matching quizzes found
Score Distribution
Percent of People with Each Score
Percentile by Number Answered
Your Score History
You have not taken this quiz